Tous les pays ayant déjà joué l'Euro - Statistiques

Statistiques générales
  • Ce quiz a été pris 244 fois
  • Le résultat moyen est 32 sur 37
Statistiques - réponses
Total participations Dernière participation Meilleure performance Pays % Correct
12 2024 Victoire (3) Espagne
100%
11 2024 Victoire (2) France
100%
14 2024 Victoire (3) RFA / Allemagne
100%
11 2024 Victoire (2) Italie
99%
11 2024 Finale Angleterre
97%
9 2024 Victoire (1) Portugal
97%
4 2012 Victoire (1) Grèce
94%
12 2020 Victoire (1) URSS / CEI / Russie
94%
7 2024 Quarts de finale Croatie
93%
7 2020 Demi-finale Suède
93%
6 2024 Quarts de finale Suisse
93%
7 2024 Finale Belgique
92%
3 2016 Quarts de finale Irlande
92%
11 2024 Victoire (1) Pays-Bas
92%
1 2000 Poules Norvège
90%
5 2024 Quarts de finale Pologne
90%
3 2024 Huitièmes de finale Slovaquie
90%
2 2024 Poules Slovénie
90%
1 2020 Poules Finlande
89%
4 2024 Quarts de finale Ukraine
89%
4 2024 Huitièmes de finale Autriche
88%
5 2024 Troisième Hongrie
88%
10 2024 Victoire (1) Danemark
87%
6 2024 Demi-finale Turquie
87%
1 2016 Quarts de finale Islande
85%
6 2024 Quarts de finale Roumanie
85%
1 2024 - Serbie
85%
4 2024 Poules Ecosse
84%
11 2024 Victoire (1) Tchécoslovaquie / Tchéquie
84%
2 2024 Poules Albanie
82%
2 2004 Poules Bulgarie
78%
1 2004 Poules Lettonie
78%
2 2020 Demi-finale Pays de Galles
75%
1 2020 Poules Macédoine du Nord
74%
1 2016 Huitièmes de finale Irlande du Nord
65%
1 2024 - Géorgie
64%
5 2000 Finale Yougoslavie
54%
Aucun quiz correspondant
Distribution des résultats
% des personnes avec chaque résultat
Percentile par nombre de réponses
Votre historique - résultats
Vous n’avez pas pris ce quiz